| 000 | 01093cam a22002891 4500 | ||
|---|---|---|---|
| 999 |
_c7113 _d7113 |
||
| 001 | 7415902 | ||
| 003 | GZU | ||
| 005 | 20210505100137.0 | ||
| 008 | 800429s1947 enkb 000 0 eng c | ||
| 010 | _aa 48008249 | ||
| 035 | _a(OCoLC)6260625 | ||
| 040 |
_aHarvard Univ. Libr. _cOUrC _dOCoLC _dDLC |
||
| 050 | 0 | 0 |
_aD443 _b.C29 1948 |
| 082 | 0 | 0 | _a909.82 |
| 100 | 1 |
_aCarr, Edward Hallett, _d1892-1982. |
|
| 245 | 1 | 0 | _aInternational relations between the two world wars, 1919-1939. |
| 260 |
_aLondon : _bMacmillan, _c1947. |
||
| 300 |
_aviii, 302 p. : _bmaps. ; _c19 cm. |
||
| 500 | _a"First published under the title 'International relations since the peace treaties.'" | ||
| 505 | 2 | _aAppendices:--1. The Monroe doctrine.--2. Wilson's fourteen points.--3. Extracts from the Covenant of the League of Nations. | |
| 610 | 2 | 0 | _aLeague of Nations. |
| 650 | 0 | _aWorld politics. | |
| 650 | 0 |
_aWorld War, 1914-1918 _xInfluence. |
|
| 651 | 0 |
_aEurope _xPolitics and government _y1918-1945. |
|
| 906 |
_a7 _bcbc _coclcrpl _du _encip _f19 _gy-gencatlg |
||
| 942 |
_cBK _hD443 _iCAR 2002 _kauthor |
||